000 00623nam a2200205 i 4500
001 51799
003 ES-MaACL
005 20260303063013.0
007 t|
008 030819s1956 sp ||||1| spa d
100 1 _aDanvila, Alfonso,
_d1879-1945
_942674
245 1 3 _aEl triunfo de las lises /
_cpor Alfonso Danvila.
250 _a4ª ed.
260 _aMadrid :
_bEspasa-Calpe,
_c1956.
300 _a2 v. ;
_c19 cm.
490 1 _aLas luchas fratricidas de España ;
_v9
830 0 _aLas luchas fratricidas de España ;
_v9
_9193266
852 _aES-MaACL
_jC-12071-72
_bR.39648
999 _c51799
_d51799